00780 a2200193 45000010006000000050017000060080041000230030015000640400040000790800065001192450071001842500012002552640028002673000023002955050210003180410008005281000020005367000030005566342120260407155932.0260407a1967 arg spa dAR-UNSa-BCEJYS aAR-UNSa-BCEJYSbspacAR-UNSa-BCEJYS a519.85xProgramación matemática (Programación lineal) 10aProgramación linealpSu aplicación a la teoría de la empresa a3a. ed. 1aMadrid :bAguilarc1967 axv, 133 p.c18 cm. a1. Dos maneras de abordar la teoría de la empresa - 2. Empresa competidora con factores fijos - 3. Programas de producción para productos monopolizados - 4. Hipótesis, limitaciones y posibilidades -  aspa1 aDorfman, Robert1 aGarcia Barbancho, Alfonso